Statistics for Famous People Born in Wyoming

Click here to take the quiz!

General Stats

  • This quiz has been taken 45 times
  • The average score is 2 of 5

Answer Stats

DescriptionFamous PersonBirth City% Correct
Actor of Deadwood and SupernaturalJim BeaverLaramie
55%
Abstract painter of drip-painting fameJackson PollockCody
55%
Murdered U. of Wyoming student in 1998Matthew ShepardCasper
45%
Pro Bowl Redskins TE (2004-2012)Chris CooleyPowell
36%
I and Love and You musician with brothersScott AvettCheyenne
27%

Score Distribution

Percentile by Number Answered

Percent of People with Each Score

Your Score History

You have not taken this quiz